ბათუმის შოთა რუსთაველის სახელმწიფო უნივერსიტეტის ბიბლიოთეკა

მაგისტრალური ნავთობსადენები, გაზსადენები და მიწისქვეშა გაზსაცავები : (ბიბ.ჩანაწერი № 39376)

000 -ლიდერი
ფიქსირებული სიგრძის საკონტროლო ველი 01619nam a2200277Ia 4500
001 - საკონტროლო ნომერი
საკონტროლო ველი 5965
003 - საკონტროლო ნომრის იდენტიფიკატორი
საკონტროლო ველი GE_BSU
005 - ბოლო ოპერაციის თარიღი და დრო
საკონტროლო ველი 20191030123052.0
008 - ფიქსირებული სიგრძის მონაცემთა ელემენტები - ზოგადი ინფორმაცია
ფიქსირებული სიგრძის საკონტროლო ველი 181216s2009||||ge |||||||||||||| ||geo||
020 ## - წიგნის საერთაშორისო სტანდარტული ნომერი
International Standard Book Number 9789941142949
040 ## - კატალოგიზაციის წყარო
Transcribing agency GE_BSU
041 ## - ენის კოდი
Language code of text/sound track or separate title geo
080 ## - უნივერსალური ათობითი კლასიფიკაციის ინდექსი
Universal Decimal Classification number 622.692.4.07 ვ-21
100 ## - მთავარი ჩანაწერი - პიროვნების სახელი
Personal name ვარშალომიძე, გ.
9 (RLIN) 5098
245 ## - ცნობა სათაურის შესახებ
Title მაგისტრალური ნავთობსადენები, გაზსადენები და მიწისქვეშა გაზსაცავები :
Remainder of title დაპროექტება, მშენებლობა და ექსპლუატაცია. მონოგრაფია /
Statement of responsibility, etc გ. ვარშალომიძე, ი. გოგუაძე ; მთ. რედ. ცოტნე მირცხულავა.
264 ## - წარმოების, გამოცემის, დისტრიბუციის და სხვა ცნობები
გამოცემის, წარმოების, დისტრიბუციის... ადგილი თბილისი :
გამოცემის, წარმოების, დისტრიბუციის... სახელწოდება ტექნიკური უნ-ტი,
გამოცემის, წარმოების, დისტრიბუციის... თარიღი 2009.
300 ## - ფიზიკური აღწერა
Extent 651 გვ. :
Other physical details ცხრ., ნახ. ;
Dimensions 21 სმ.
501 ## - შენიშვნა თანმხლებ მასალაზე
With note ანბ. საძ.: გვ. 623-630.
504 ## - BIBLIOGRAPHY, ETC. NOTE
Bibliography, etc ბიბლიოგრ.: გვ. 631-633.
653 ## - INDEX TERM--UNCONTROLLED
Uncontrolled term ნავთობსადენების მშენებლობა;
653 ## - INDEX TERM--UNCONTROLLED
Uncontrolled term აირსაცავების მშენებლობა;
700 ## - ADDED ENTRY--PERSONAL NAME
Personal name გოგუაძე, ირაკლი;
Relator term ავტორი
9 (RLIN) 5099
700 ## - ADDED ENTRY--PERSONAL NAME
Personal name მირცხულავა, ცოტნე
Relator term რედაქტორი
9 (RLIN) 5100
710 ## - ADDED ENTRY--CORPORATE NAME
Corporate name or jurisdiction name as entry element საქართველოს ტექნიკური უნივერსიტეტი
9 (RLIN) 5101
942 ## - ADDED ENTRY ELEMENTS (KOHA)
Koha item type წიგნი
Source of classification or shelving scheme
ეგზემპლარები
ჩამოწერის სტატუსი დაკარგული ეგზემპლარის სტატუსი კლასიფიკაციის წყარო ან თაროზე გაწყობის სქემა დაზიანების სტატუსი არ გაიცემა მუდმივი მდებარეობა (დაცვის ადგილი) ამჟამინდელი ადგილსამყოფელი თაროზე განთავსების ადგილი შეძენის თარიღი სრული შენახვის შიფრი შტრიხკოდი ბოლო ოპერაციის თარიღი ეგზემპლარის მიმდევრობითი ნომერი (კეტერი?) ფასის ძალაში შესვლის თარიღი ეგზემპლარის სახეობა საჯარო შენიშვნა
          ბათუმის შოთა რუსთაველის სახელმწიფო უნივერსიტეტის მთავარი ბიბლიოთეკა ბათუმის შოთა რუსთაველის სახელმწიფო უნივერსიტეტის მთავარი ბიბლიოთეკა წიგნსაცავი 2018-12-17 622.692.4.07 6610 2018-12-17 6610 2018-12-17 წიგნი  
          ტექნოლოგიური ფაკულტეტის ბიბლიოთეკა ტექნოლოგიური ფაკულტეტის ბიბლიოთეკა წიგნსაცავი 2018-12-17 622.692.4.07 ვ-21 45883 2018-12-17 45883 2018-12-17 წიგნი